| 000 | 01662nam a2200313Ia 4500 | ||
|---|---|---|---|
| 003 | OSt | ||
| 005 | 20201028222407.0 | ||
| 008 | 191128t1980 mx a fr 001 0dspa d | ||
| 020 | _a9686046615 | ||
| 040 |
_aCO-JMCR _cCO-JMCR |
||
| 041 | 1 |
_aspa _heng |
|
| 082 | 0 | 4 |
_a658.45 / _bR632c _223 |
| 100 | 1 |
_aRogers, Everett M., _eautor _912182 |
|
| 245 | 1 | 3 |
_aLa comunicación en las organizaciones / _cEverett M. Rogers y Rekha Agarwala-Rogers ; traductor, Alfonso Vasseur Walls |
| 250 | _aPrimera edición | ||
| 260 |
_aMéxico : _bMcGraw Hill, _c©1980 |
||
| 300 |
_axiii, 216 páginas : _bilustraciones a blanco y negro ; _c23 cm. |
||
| 500 | _aIncluye datos biográficos de los autores en solapa posterior e índices de autores y analítico. | ||
| 504 | _aBibliografía: páginas 195-207 | ||
| 505 | 0 | _aNaturaleza de la comunicación en las organizaciones -- Tres escuelas de comportamiento organizacional -- La teoría del sistema abierto y los ambientes organizacionales -- Efecto de la estructura organizacional sobre el comportamiento de la comunicación | |
| 520 | 3 | _aLas escribir este libro, hemos tenido en mente tres clases principales de lectores: Los estudiantes en cursos sobre comportamiento organizacional que desean un tratamiento conciso de la comunicación, como ayuda a su comprensión del comportamiento humano | |
| 534 | _pCommunication in organizations | ||
| 546 | _aTraducido del inglés | ||
| 650 | 1 | 4 |
_aComunicación en administración _912183 |
| 650 | 1 | 4 |
_aInnovaciones tecnológicas _912184 |
| 700 | 1 |
_aAgarwala-Rogers, Rekha, _eautor _912185 |
|
| 700 | 1 |
_aVasseur Walls, Alfonso, _etraductor _911786 |
|
| 942 |
_2ddc _cBK |
||
| 999 |
_c6176 _d6176 |
||